[Event "Championnat de France des Jeunes - Benja"]
[Site "Aix les Bains"]
[Date "2009.04.26"]
[Round "9.10"]
[White "Bellahcene, Rayane"]
[Black "Cabanes, Kim"]
[Result "1/2-1/2"]
[WhiteElo "1772"]
[BlackElo "1932"]
[PlyCount "170"]
[EventDate "2009.??.??"]

1. d4 d5 2. c4 c6 3. Nf3 Nf6 4. Nc3 a6 5. cxd5 cxd5 6. g3 Nc6 7. Bg2 Bf5 8. Ne5
e6 9. Nxc6 bxc6 10. O-O Be7 11. a3 O-O 12. Bf4 Bd6 13. Bxd6 Qxd6 14. b4 Rfb8
15. Qa4 Nd7 16. e4 Nb6 17. Qd1 dxe4 18. Nxe4 Bxe4 19. Bxe4 Nd5 20. Qc2 h6 21.
Rac1 Rc8 22. Qc5 Qxc5 23. Rxc5 Ra7 24. Bxd5 exd5 25. Rfc1 Rac7 26. a4 Kf8 27.
b5 axb5 28. axb5 Ke7 29. b6 Rb7 30. Rxc6 Rxc6 31. Rxc6 Kd7 32. Rc5 Rxb6 33.
Rxd5+ Rd6 34. Rf5 Ke6 35. Rf4 g5 36. Re4+ Kd5 37. Re7 f6 38. g4 Kxd4 39. Rh7
Ke4 40. Kg2 f5 41. Re7+ Kf4 42. Rf7 Kxg4 43. Ra7 f4 44. Ra3 h5 45. Rb3 Rd5 46.
Rc3 Kf5 47. Rc8 Kg4 48. Rc3 Rf5 49. h3+ Kh4 50. f3 Rd5 51. Rc2 Rd3 52. Rb2 Rc3
53. Rd2 Rb3 54. Rc2 Rd3 55. Re2 g4 56. hxg4 hxg4 57. Rf2 g3 58. Rc2 Rd5 59. Rb2
Kg5 60. Ra2 Kf5 61. Re2 Re5 62. Ra2 Rd5 63. Rb2 Ke5 64. Re2+ Kf5 65. Ra2 Rc5
66. Rb2 Rc4 67. Rb5+ Ke6 68. Rb2 Ke5 69. Rd2 Rd4 70. Re2+ Kd5 71. Rc2 Rd3 72.
Re2 Rd4 73. Rc2 Rb4 74. Re2 Kd4 75. Re8 Kd3 76. Re7 Rb2+ 77. Kg1 Re2 78. Ra7
Rd2 79. Ra3+ Ke2 80. Kg2 Ke1+ 81. Kg1 Ke2 82. Kg2 Rd3 83. Ra4 Rd2 84. Rxf4 Ke3+
85. Kxg3 Rg2+ 1/2-1/2

[Event "Championnat de France des Jeunes - Benja"]
[Site "Aix les Bains"]
[Date "2009.04.26"]
[Round "9.1"]
[White "Eid, Maha"]
[Black "Bekhouche, Marion"]
[Result "1-0"]
[WhiteElo "1929"]
[BlackElo "1638"]
[PlyCount "55"]

1. d4 d6 2. c4 g6 3. Nc3 Bg7 4. e4 Nc6 5. Be3 e5 6. Nge2 exd4 7. Nxd4 Nge7 8.
Be2 O-O 9. O-O f5 10. f3 fxe4 11. Nxc6 bxc6 12. fxe4 Rxf1+ 13. Bxf1 Rb8 14. Qd2
c5 15. Bxc5 Be6 16. Bxa7 Rb7 17. Be3 Nc6 18. Be2 Qh4 19. Bf2 Bxc3 20. Qxc3 Qe7
21. Rf1 Ne5 22. Bd4 Bf7 23. b3 Rb8 24. Be3 c6 25. Rd1 Rc8 26. Bf2 d5 27. cxd5
c5 28. d6 1-0

[Event "Championnat de France des Jeunes - Benja"]
[Site "Aix les Bains"]
[Date "2009.04.26"]
[Round "9.2"]
[White "Fischer, Julie"]
[Black "Aflalo, Sophie"]
[Result "0-1"]
[WhiteElo "1644"]
[BlackElo "1985"]
[PlyCount "42"]
[EventDate "2009.??.??"]

1. e4 c5 2. Nf3 Nc6 3. Nc3 d6 4. d4 cxd4 5. Nxd4 Nf6 6. f3 g6 7. Bc4 Bg7 8.
Nxc6 bxc6 9. O-O O-O 10. Kh1 Qc7 11. Qe1 Rd8 12. f4 Rb8 13. e5 dxe5 14. fxe5
Nd5 15. Bxd5 cxd5 16. Qf2 Bf5 17. a4 a6 18. Rd1 Be6 19. Qe2 Bxe5 20. Qxa6 d4
21. Ne2 Bc4 0-1

[Event "Championnat de France des Jeunes - Benja"]
[Site "Aix les Bains"]
[Date "2009.04.26"]
[Round "9.3"]
[White "Rigolot, Lucie"]
[Black "Kambrath, Linda"]
[Result "1/2-1/2"]
[WhiteElo "1831"]
[BlackElo "1680"]
[PlyCount "119"]
[EventDate "2009.??.??"]

1. e4 e5 2. Nf3 Nc6 3. Bb5 a6 4. Ba4 Nf6 5. O-O Be7 6. d3 b5 7. Bb3 d6 8. c3
Na5 9. Bc2 c5 10. Nbd2 O-O 11. Re1 Qc7 12. Nf1 Bd7 13. Ng3 Rfc8 14. Bd2 Nc6 15.
b3 a5 16. a4 b4 17. c4 Nd4 18. Nxd4 cxd4 19. Rc1 h6 20. h3 Be8 21. Nf5 Bf8 22.
f4 Bd7 23. g4 g6 24. Ng3 Nh7 25. h4 f6 26. f5 g5 27. hxg5 Nxg5 28. Kg2 Kf7 29.
Rh1 Bg7 30. Nh5 Rh8 31. Nxg7 Kxg7 32. Rh5 Rh7 33. Qe2 Rah8 34. Rch1 Be8 35.
R5h4 Qd8 36. Bd1 Qe7 37. Kf1 Qd8 38. Bc1 Qe7 39. Qh2 Qf8 40. Ke1 Qe7 41. Kd2
Qf8 42. Kc2 Qe7 43. Kb1 Qf8 44. Ka2 Qe7 45. Qc2 Qc7 46. Ka1 Qc5 47. Qh2 Qc7 48.
Qf2 Qe7 49. R1h2 Qf8 50. Qc2 Qe7 51. Rh1 Qc7 52. Be2 Bf7 53. Ka2 Qe7 54. Bd2
Qc7 55. Rc1 Qc5 56. Rf1 Rc8 57. Qc1 Rhh8 58. Rfh1 Qc7 59. R1h2 Qe7 60. Qe1
1/2-1/2

[Event "Championnat de France des Jeunes - Benja"]
[Site "Aix les Bains"]
[Date "2009.04.26"]
[Round "9.4"]
[White "Gan, Grace"]
[Black "Pivard, Elsa"]
[Result "1/2-1/2"]
[WhiteElo "1700"]
[BlackElo "1710"]
[PlyCount "104"]
[EventDate "2009.??.??"]

1. e4 c6 2. d4 d5 3. Nc3 dxe4 4. Nxe4 Bf5 5. Ng3 Bg6 6. h4 h6 7. Nf3 Nd7 8. h5
Bh7 9. Bd3 Bxd3 10. Qxd3 e6 11. Bf4 Qa5+ 12. Bd2 Qc7 13. O-O-O O-O-O 14. Ne4
Ngf6 15. Nxf6 Nxf6 16. Qe2 Bd6 17. Ne5 Bxe5 18. dxe5 Nd5 19. Rh4 Ne7 20. Ra4 b6
21. f4 Qb7 22. g4 c5 23. Rf1 Rhe8 24. Qe4 Qxe4 25. Rxe4 g6 26. Rh1 Rh8 27. Re2
Rdg8 28. hxg6 Nxg6 29. Reh2 Ne7 30. g5 Nf5 31. Rh3 Kb7 32. c3 Rg6 33. Kd1 Kc6
34. c4 Kc7 35. Kc2 Nd4+ 36. Kd3 Nf5 37. a3 Kd7 38. b4 Kc6 39. b5+ Kb7 40. a4
Rd8+ 41. Kc2 hxg5 42. fxg5 Rg7 43. Rd3 Rxd3 44. Kxd3 Nd4 45. Rf1 Rh7 46. Be3
Nf5 47. Rf3 Rh1 48. Bd2 Ra1 49. Rh3 Rxa4 50. Rh7 Ra3+ 51. Kc2 Nd4+ 52. Kb2 Rb3+
1/2-1/2

[Event "Championnat de France des Jeunes - Benja"]
[Site "Aix les Bains"]
[Date "2009.04.26"]
[Round "9.5"]
[White "Navrotescu, Andreea-Cristiana"]
[Black "Le Marec, Laura"]
[Result "1-0"]
[WhiteElo "1853"]
[BlackElo "1554"]
[PlyCount "113"]
[EventDate "2009.??.??"]

1. d4 d5 2. c4 e6 3. Nc3 Nf6 4. Bg5 Be7 5. cxd5 exd5 6. e3 Nbd7 7. Bd3 O-O 8.
Qc2 c6 9. Nf3 Re8 10. O-O Nf8 11. h3 Ne4 12. Bf4 Nxc3 13. bxc3 b5 14. a4 bxa4
15. Rxa4 c5 16. Rfa1 Qb6 17. Qa2 c4 18. Rb1 Qc6 19. Bc2 a6 20. Ne5 Qf6 21. Ra5
Rd8 22. Bg3 h5 23. e4 h4 24. Bh2 Qe6 25. exd5 Rxd5 26. Rxd5 Qxd5 27. Qxc4 Qxc4
28. Nxc4 Be6 29. Ne3 a5 30. Kf1 a4 31. Ra1 a3 32. d5 Bd7 33. Be5 Ra6 34. Bd4
Nh7 35. c4 Ra5 36. Ke2 Nf6 37. Bc3 Ra6 38. Bf5 Ba4 39. Bc2 Bxc2 40. Nxc2 Ne4
41. Bd4 f5 42. f3 Ng3+ 43. Kd3 Nh5 44. Be3 f4 45. Bd4 Ng3 46. c5 Kf8 47. Rxa3
Rxa3+ 48. Nxa3 Bf6 49. Bf2 Ke7 50. Bxg3 hxg3 51. Ke4 Bg5 52. Nc4 Bh6 53. d6+
Kd7 54. Kd5 g5 55. Ne5+ Kc8 56. d7+ Kd8 57. Nf7+ 1-0

[Event "Championnat de France des Jeunes - Benja"]
[Site "Aix les Bains"]
[Date "2009.04.26"]
[Round "9.6"]
[White "Savalle, Mathilde"]
[Black "Griggio, Julie"]
[Result "0-1"]
[WhiteElo "1575"]
[BlackElo "1807"]
[PlyCount "94"]
[EventDate "2009.??.??"]

1. e4 e6 2. d4 d5 3. Nc3 Bb4 4. e5 c5 5. Bd2 cxd4 6. Nb5 Bxd2+ 7. Qxd2 Nc6 8.
f4 a6 9. Nxd4 Nxd4 10. Qxd4 Ne7 11. Bd3 Nc6 12. Qe3 O-O 13. Nf3 b5 14. O-O Bb7
15. c3 Rb8 16. Kh1 b4 17. Nd4 bxc3 18. bxc3 Qa5 19. Bc2 Rfc8 20. Nb3 Qc7 21.
Rae1 Na5 22. Qh3 h6 23. f5 Nxb3 24. fxe6 Nd2 25. Rxf7 Qxc3 26. Qg4 g5 27. Qf5
Qxc2 28. Rf8+ Rxf8 29. Qxc2 Ne4 30. e7 Rfe8 31. Qc7 d4 32. Qb6 Rxe7 33. Qg6+
Rg7 34. Qe6+ Kh8 35. Qxh6+ Rh7 36. Qg6 d3 37. Kg1 d2 38. Rd1 Rd8 39. Kf1 Rf8+
40. Kg1 Rc8 41. Kf1 Rxh2 42. Rxd2 Nxd2+ 43. Ke1 Ne4 44. e6 Rc1+ 45. Ke2 Rxg2+
46. Ke3 Rc3+ 47. Kd4 Rd2+ 0-1

[Event "Championnat de France des Jeunes - Benja"]
[Site "Aix les Bains"]
[Date "2009.04.26"]
[Round "9.7"]
[White "Dubois, Marie"]
[Black "Afraoui, Solenn"]
[Result "1/2-1/2"]
[WhiteElo "1636"]
[BlackElo "1840"]
[PlyCount "111"]
[EventDate "2009.??.??"]

1. d4 g6 2. c4 Bg7 3. Nc3 d6 4. e4 Nc6 5. Be3 e5 6. d5 Nce7 7. Bd3 f5 8. f3 Nf6
9. Nge2 O-O 10. O-O f4 11. Bf2 g5 12. Nc1 Qe8 13. Be2 h5 14. b4 a6 15. c5 Qg6
16. cxd6 cxd6 17. Nb3 Kh8 18. Na4 Rg8 19. Nb6 Rb8 20. Rc1 Bf8 21. Nxc8 Rxc8 22.
Rxc8 Nxc8 23. Na5 g4 24. Bh4 gxf3 25. Bxf6+ Qxf6 26. Bxf3 Qg7 27. Qc2 Nb6 28.
Rc1 Be7 29. Nxb7 Rc8 30. Qd2 Nc4 31. Qd3 Nb6 32. Rxc8+ Nxc8 33. Qxa6 h4 34. Qc6
Na7 35. Qe8+ Kh7 36. Qh5+ Kg8 37. Qg4 Qxg4 38. Bxg4 Nb5 39. Bf3 Na3 40. Na5 Bd8
41. Be2 Bb6+ 42. Kf1 Kf8 43. Nc4 Nxc4 44. Bxc4 Ke8 45. a4 Kd8 46. a5 Bd4 47. b5
Kc7 48. Ke2 Bc3 49. a6 Kb6 50. Kf3 Bd4 51. Kg4 Bf2 52. Kf5 Bg1 53. h3 Bc5 54.
Ke6 Kc7 55. Ke7 Bb6 56. Ke6 1/2-1/2

[Event "Championnat de France des Jeunes - Benja"]
[Site "Aix les Bains"]
[Date "2009.04.26"]
[Round "9.8"]
[White "Bertrand, Meryl"]
[Black "Ruhlmann, Helene"]
[Result "0-1"]
[WhiteElo "1610"]
[BlackElo "1780"]
[PlyCount "58"]
[EventDate "2009.??.??"]

1. e4 d5 2. exd5 Nf6 3. Nf3 Nxd5 4. Bc4 Nb6 5. Be2 Bg4 6. Nc3 Nc6 7. O-O e6 8.
d3 Qd7 9. Be3 Nd5 10. Nxd5 Qxd5 11. a3 Bd6 12. c4 Qf5 13. b4 Ne5 14. Nxe5 Qxe5
15. g3 Bh3 16. Re1 h5 17. Bf4 Qd4 18. Bxd6 Qxd6 19. Bf3 O-O-O 20. Re4 Bf5 21.
Rh4 g6 22. d4 f6 23. d5 g5 24. c5 Qe5 25. Rd4 g4 26. Bg2 h4 27. Rd2 hxg3 28.
fxg3 Qe3+ 29. Rf2 Rxh2 0-1

[Event "Championnat de France des Jeunes - Benja"]
[Site "Aix les Bains"]
[Date "2009.04.26"]
[Round "9.9"]
[White "Massard, Aurelie"]
[Black "Pouillart, Cecile"]
[Result "0-1"]
[WhiteElo "1580"]
[BlackElo "1745"]
[PlyCount "120"]
[EventDate "2009.??.??"]

1. e4 c5 2. Nc3 Nc6 3. Bc4 g6 4. f4 d6 5. Nf3 Bg7 6. O-O Bg4 7. d3 Nf6 8. Qe1
Bxf3 9. Rxf3 Nd4 10. Bb5+ Nd7 11. Rf2 O-O 12. Bc4 Kh8 13. Bb3 f5 14. Ne2 Nxb3
15. axb3 Nf6 16. Ng3 Ng4 17. Rf1 Bd4+ 18. Kh1 e6 19. Ne2 Bg7 20. h3 Nf6 21. Ng3
Nd7 22. Bd2 Bxb2 23. Bc3+ Bxc3 24. Qxc3+ Qf6 25. e5 dxe5 26. fxe5 Qxe5 27.
Qxe5+ Nxe5 28. Rfe1 Nc6 29. Rxe6 Rae8 30. Rae1 Rxe6 31. Rxe6 Kg7 32. Kg1 Nd4
33. Re5 b6 34. c4 Nxb3 35. Ne2 Kf6 36. Re3 Rd8 37. Nf4 Kf7 38. Kf2 Nc1 39. g4
fxg4 40. hxg4 Re8 41. Rf3 Kg7 42. Re3 Rxe3 43. Kxe3 Kf6 44. Nh3 a5 45. Kd2 Na2
46. Kc2 Nb4+ 47. Kc3 a4 48. d4 a3 49. d5 a2 50. Kb2 Ke5 51. Nf2 Kd4 52. d6 Nc6
53. Kxa2 Kxc4 54. g5 Kd5 55. d7 Ke6 56. Ne4 Kxd7 57. Nf6+ Ke6 58. Kb3 h5 59.
Kc4 Ne5+ 60. Kb5 Nd7 0-1

[Event "Championnat de France des Jeunes - Benja"]
[Site "Aix les Bains"]
[Date "2009.04.26"]
[Round "9.10"]
[White "Costa, Elodie"]
[Black "Vignette, Jeanne"]
[Result "1-0"]
[WhiteElo "1727"]
[BlackElo "1502"]
[PlyCount "89"]
[EventDate "2009.??.??"]

1. e4 e5 2. Nf3 Nc6 3. Nc3 Nf6 4. d4 exd4 5. Nxd4 Bc5 6. Nxc6 bxc6 7. Bd3 d5 8.
exd5 cxd5 9. O-O O-O 10. Bg5 c6 11. Na4 Be7 12. c4 h6 13. Bf4 d4 14. Qf3 Qd7
15. Rad1 Bb7 16. b3 c5 17. Qe2 Rfe8 18. Qe5 Qc6 19. f3 Rad8 20. Qc7 Rc8 21.
Qxc6 Rxc6 22. Rfe1 Nh5 23. Be5 Re6 24. Bf5 Bh4 25. Bxe6 Bxe1 26. Bxf7+ Kxf7 27.
Rxe1 d3 28. Bc3 Rc8 29. g3 g5 30. Rd1 Bxf3 31. Rxd3 g4 32. Rd7+ Kg6 33. Rxa7
Kf5 34. Ra5 Ke4 35. Rxc5 Rxc5 36. Nxc5+ Kf5 37. a4 Nf6 38. Bxf6 Kxf6 39. Kf2
Ke5 40. Ke3 h5 41. b4 Kd6 42. Kd4 Kc6 43. a5 Kc7 44. b5 Kb8 45. b6 1-0

[Event "Championnat de France des Jeunes - Pupil"]
[Site "Aix les Bains"]
[Date "2009.04.26"]
[Round "9.1"]
[White "Lamard, Guillaume"]
[Black "Msellek, Ilyass"]
[Result "1-0"]
[WhiteElo "2113"]
[BlackElo "1935"]
[PlyCount "59"]
[EventDate "2009.??.??"]

1. d4 Nf6 2. c4 g6 3. Nc3 Bg7 4. e4 d6 5. Nf3 O-O 6. Be2 e5 7. Be3 exd4 8. Nxd4
Re8 9. Qc2 Nc6 10. O-O Ng4 11. Bxg4 Bxg4 12. Nxc6 bxc6 13. h3 Be6 14. Ne2 c5
15. Nf4 Rb8 16. Rab1 Bd7 17. Rfe1 Kh8 18. Nd5 f5 19. f3 fxe4 20. fxe4 Qh4 21.
Bf2 Qg5 22. Be3 Qh4 23. Qd2 Rxe4 24. Bf2 Rxe1+ 25. Rxe1 Bd4 26. Qxd4+ cxd4 27.
Bxh4 Rxb2 28. Re7 Bf5 29. Bf6+ Kg8 30. Bg7 1-0

[Event "Championnat de France des Jeunes - Pupil"]
[Site "Aix les Bains"]
[Date "2009.04.26"]
[Round "9.2"]
[White "Bellahcene, Bilel"]
[Black "Viennot, Dylan"]
[Result "1/2-1/2"]
[WhiteElo "1968"]
[BlackElo "1889"]
[PlyCount "41"]
[EventDate "2009.??.??"]

1. e4 c5 2. Nf3 Nc6 3. Nc3 d6 4. d4 cxd4 5. Nxd4 e5 6. Nb3 Be7 7. Bc4 Nf6 8.
Bg5 Be6 9. Bxe6 fxe6 10. Bxf6 Bxf6 11. Nb5 Be7 12. Qh5+ g6 13. Qg4 Qd7 14.
O-O-O b6 15. g3 O-O-O 16. f4 exf4 17. gxf4 e5 18. Qxd7+ Rxd7 19. fxe5 Nxe5 20.
Rhf1 Re8 21. Rfe1 1/2-1/2

[Event "Championnat de France des Jeunes - Pupil"]
[Site "Aix les Bains"]
[Date "2009.04.26"]
[Round "9.3"]
[White "Gelas, Christophe"]
[Black "Dubois, Adrien"]
[Result "1-0"]
[WhiteElo "1918"]
[BlackElo "1540"]
[PlyCount "59"]
[EventDate "2009.??.??"]

1. d4 d5 2. c4 dxc4 3. e4 Nf6 4. e5 Nd5 5. Bxc4 Nb6 6. Bd3 Nc6 7. Ne2 Nb4 8.
Be4 N4d5 9. Nbc3 Be6 10. Nf4 Qd7 11. Nxe6 Qxe6 12. O-O O-O-O 13. Qf3 g6 14. a4
c6 15. a5 Na8 16. a6 b6 17. Bxd5 cxd5 18. Bf4 Nc7 19. Rfc1 Kb8 20. Qd3 Bg7 21.
Rc2 Rc8 22. Rac1 Ka8 23. Nb5 Nxb5 24. Qxb5 Rxc2 25. Rxc2 Rd8 26. h3 h6 27. Rc7
Kb8 28. Rb7+ Ka8 29. Rxe7 Qc8 30. Re8 1-0

[Event "Championnat de France des Jeunes - Pupil"]
[Site "Aix les Bains"]
[Date "2009.04.26"]
[Round "9.4"]
[White "Ek, Alexandre"]
[Black "Purenne, Benoit"]
[Result "1-0"]
[WhiteElo "1800"]
[BlackElo "1902"]
[PlyCount "133"]
[EventDate "2009.??.??"]

1. e4 c5 2. c3 Nf6 3. e5 Nd5 4. d4 cxd4 5. Nf3 Nc6 6. cxd4 d6 7. Bc4 Nb6 8. Bb5
dxe5 9. Nxe5 Bd7 10. Nxd7 Qxd7 11. O-O a6 12. Bxc6 Qxc6 13. Nc3 e6 14. Re1 Rd8
15. Bg5 Be7 16. Bxe7 Kxe7 17. Rc1 Rhe8 18. Ne4 Qd5 19. Nc5 Nd7 20. Qa4 Nxc5 21.
dxc5 Kf8 22. Red1 Qc6 23. Qxc6 bxc6 24. Rd6 Rc8 25. Rcd1 a5 26. h3 e5 27. Rd7
Rb8 28. Rc7 Rxb2 29. Rdd7 Rxa2 30. Rxf7+ Kg8 31. Rxg7+ Kh8 32. Rxh7+ Kg8 33.
Rcg7+ Kf8 34. Ra7 Kg8 35. Rhc7 Kf8 36. Rxc6 Re7 37. Rca6 Kf7 38. c6 a4 39. c7
Rc2 40. Rxa4 Rcxc7 41. Rxc7 Rxc7 42. g4 Kg6 43. Kg2 Rc3 44. Re4 Kf6 45. Re3 Rc4
46. Kg3 Rc2 47. h4 Rc5 48. f4 exf4+ 49. Kxf4 Rc6 50. g5+ Kg6 51. Re4 Ra6 52.
Kg4 Kg7 53. Kf5 Ra5+ 54. Re5 Ra4 55. h5 Ra6 56. Re7+ Kf8 57. Re6 Ra1 58. Kg6
Ra8 59. Kh7 Ra7+ 60. Kh6 Kg8 61. Re8+ Kf7 62. Rh8 Ra6+ 63. g6+ Kf6 64. g7 Kf5+
65. Kh7 Ra7 66. Rf8+ Kg5 67. Kh8 1-0

[Event "Championnat de France des Jeunes - Pupil"]
[Site "Aix les Bains"]
[Date "2009.04.26"]
[Round "9.5"]
[White "Pruvot, Louis"]
[Black "Kambrath, Yannick"]
[Result "1-0"]
[WhiteElo "1690"]
[BlackElo "1857"]
[PlyCount "159"]
[EventDate "2009.??.??"]

1. e4 e5 2. Nf3 Nc6 3. Bb5 a6 4. Ba4 Nf6 5. O-O Be7 6. Re1 b5 7. Bb3 d6 8. c3
O-O 9. h3 Na5 10. Bc2 c5 11. d4 Qc7 12. Nbd2 Bd7 13. Nf1 Nc4 14. Ne3 Nxe3 15.
Bxe3 Rac8 16. Rc1 h6 17. Qe2 Rfe8 18. Bb1 Bf8 19. Bd2 Qb6 20. Qd3 Bc6 21. d5
Bd7 22. Nh4 c4 23. Qg3 Kh7 24. Bc2 a5 25. Bd1 b4 26. Bg4 bxc3 27. Bxc3 Qa7 28.
Re3 a4 29. a3 Nxg4 30. hxg4 Be7 31. Rf3 Rf8 32. Nf5 Bxf5 33. gxf5 Bg5 34. Re1
Qe7 35. Qg4 Rb8 36. Bb4 Rfd8 37. Rh3 Bf6 38. Qh5 Qa7 39. g3 Rb6 40. Kg2 Rdb8
41. g4 Kg8 42. Re2 Bg5 43. Rc3 Qa6 44. Rec2 Rc8 45. Qh3 Rb7 46. Qf3 Bd8 47. Qe2
Rbc7 48. Qf1 Bg5 49. Qe2 Kh7 50. Rh3 Bd8 51. Qd2 Kg8 52. f4 f6 53. Kh1 Be7 54.
Rhc3 Qb6 55. Rg3 Qb5 56. Rg1 Qa6 57. Qh2 Qb6 58. Bc3 Kf7 59. Rg3 exf4 60. Rf3
Rg8 61. Qxf4 Ke8 62. Bb4 Kd7 63. Qd2 Qb5 64. Rfc3 Rh8 65. Kg2 Rg8 66. Rc1 Rgc8
67. Qc2 Bf8 68. Qe2 Be7 69. Qf3 Bf8 70. Qh3 Ke7 71. Qh5 Qe8 72. Qxe8+ Kxe8 73.
Kf3 Kf7 74. Ke3 g6 75. Kd4 h5 76. fxg6+ Kxg6 77. gxh5+ Kxh5 78. Rg3 Kh4 79. Rg6
Kh5 80. Rg2 1-0

[Event "Championnat de France des Jeunes - Pupil"]
[Site "Aix les Bains"]
[Date "2009.04.26"]
[Round "9.6"]
[White "Eid, Amine"]
[Black "Balagny-Carbuccia, Nicolas"]
[Result "1-0"]
[WhiteElo "1845"]
[BlackElo "1820"]
[PlyCount "69"]
[EventDate "2009.??.??"]

1. e4 c5 2. Nf3 e6 3. c3 Nf6 4. e5 Nd5 5. d4 cxd4 6. cxd4 d6 7. a3 Nc6 8. Bd3
Be7 9. O-O O-O 10. Qe2 Qb6 11. Rd1 Kh8 12. Bc2 a5 13. b3 Qa6 14. Qe4 f5 15.
exf6 Nxf6 16. Qh4 Kg8 17. Bb2 d5 18. Nc3 Ne4 19. Qh5 g6 20. Qh6 Nxc3 21. Bxc3
Bf6 22. Ng5 Bxg5 23. Qxg5 Bd7 24. Bxg6 Rf7 25. Bxf7+ Kxf7 26. Qh5+ Kg8 27. Qg4+
Kh8 28. Bd2 Rg8 29. Qf3 Kg7 30. Bg5 Rf8 31. Bh6+ Kxh6 32. Qxf8+ Kg6 33. Qg8+
Kh6 34. f4 e5 35. Qg5# 1-0

[Event "Championnat de France des Jeunes - Pupil"]
[Site "Aix les Bains"]
[Date "2009.04.26"]
[Round "9.7"]
[White "Aubert, Lucas"]
[Black "Dupouy, Francois"]
[Result "1-0"]
[WhiteElo "1623"]
[BlackElo "1820"]
[PlyCount "83"]
[EventDate "2009.??.??"]

1. d4 Nf6 2. c4 c5 3. d5 b5 4. Qc2 bxc4 5. e4 g6 6. Bxc4 Bg7 7. Nc3 O-O 8. Nf3
d6 9. O-O Nbd7 10. h3 Nb6 11. Be2 Ne8 12. Bg5 f6 13. Be3 f5 14. Rad1 Nc7 15.
exf5 Bxf5 16. Qb3 Qd7 17. Nh4 Rab8 18. Nxf5 Qxf5 19. Bg4 Qf6 20. a3 Nbxd5 21.
Qc4 e6 22. Bxe6+ Qxe6 23. Nxd5 Rf5 24. Ne7+ Kf8 25. Qxe6 Nxe6 26. Nxf5 gxf5 27.
Rxd6 Ke7 28. Ra6 Rxb2 29. Re1 Kd7 30. Rxa7+ Kd6 31. Ra6+ Kd5 32. Bc1 Rb1 33.
Raxe6 Rxc1 34. Rxc1 Kxe6 35. Rxc5 Bf8 36. Ra5 f4 37. a4 Kd6 38. Rh5 h6 39. Rf5
Be7 40. Rxf4 Kc6 41. Kf1 Kb6 42. Re4 1-0

[Event "Championnat de France des Jeunes - Pupil"]
[Site "Aix les Bains"]
[Date "2009.04.26"]
[Round "9.8"]
[White "May, Alexandre"]
[Black "Bole, Oscar"]
[Result "1-0"]
[WhiteElo "1732"]
[BlackElo "1640"]
[PlyCount "87"]
[EventDate "2009.??.??"]

1. d4 d5 2. Nf3 Nf6 3. c4 e6 4. Nc3 Be7 5. Bg5 O-O 6. Qc2 h6 7. Bh4 b6 8. Bxf6
Bxf6 9. e4 Bb7 10. cxd5 exd5 11. e5 Be7 12. Bd3 Nd7 13. O-O c5 14. Rfe1 Rc8 15.
Qd2 a6 16. Bf5 Rc7 17. Ne2 Bc8 18. Bc2 Re8 19. Qd3 Nf8 20. Nd2 Bg4 21. Rac1 c4
22. Qg3 Bxe2 23. Rxe2 Ne6 24. Nf3 Bg5 25. Rd1 f6 26. Nxg5 Nxg5 27. f4 Nf7 28.
Bg6 Ree7 29. Rde1 fxe5 30. fxe5 Ng5 31. Rf1 Qd7 32. Ref2 Rc8 33. Qf4 Ne6 34.
Qf5 Qd8 35. Bf7+ Kh8 36. Bxe6 Rc6 37. Qf8+ Qxf8 38. Rxf8+ Kh7 39. Bxd5 Rcc7 40.
Be4+ g6 41. Bd5 h5 42. h4 Kg7 43. Rg8+ Kh7 44. Rff8 1-0

[Event "Championnat de France des Jeunes - Pupil"]
[Site "Aix les Bains"]
[Date "2009.04.26"]
[Round "9.9"]
[White "Charvein, Gabriel"]
[Black "Cogan, Nicolas"]
[Result "1/2-1/2"]
[WhiteElo "1600"]
[BlackElo "1682"]
[PlyCount "155"]
[EventDate "2009.??.??"]

1. d4 Nf6 2. Bf4 e6 3. e3 b6 4. c4 Bb7 5. Nd2 d5 6. Ngf3 dxc4 7. Bxc4 Bd6 8.
Bg5 Nbd7 9. O-O h6 10. Bh4 O-O 11. Rc1 c5 12. dxc5 Bxc5 13. Qe2 Qe7 14. Rfd1
Rfd8 15. h3 a6 16. Bd3 b5 17. Be4 Rab8 18. Bxb7 Rxb7 19. Ne4 Rc7 20. Nxf6+ Nxf6
21. Rxd8+ Qxd8 22. Bg3 Rc8 23. Qc2 Nd5 24. Qd2 Qb6 25. Kh2 Rd8 26. Rd1 Be7 27.
Qc2 Nb4 28. Rxd8+ Qxd8 29. Qb3 Bd6 30. Bxd6 Qxd6+ 31. g3 Nd3 32. Qc3 e5 33.
Qc8+ Kh7 34. Qf5+ Qg6 35. Nh4 Qxf5 36. Nxf5 Nxf2 37. Nd6 Kg6 38. Ne8 Nd1 39.
Nc7 Nxb2 40. Nxa6 Nd1 41. Nc7 Nc3 42. a3 Kf5 43. Kg2 Ke4 44. Kf2 f5 45. h4 h5
46. Ne8 g6 47. Nc7 Kd3 48. Kf3 e4+ 49. Kf4 Ne2+ 50. Kg5 Nxg3 51. Nxb5 Kxe3 52.
a4 f4 53. a5 f3 54. Nc3 Kd2 55. a6 f2 56. a7 f1=Q 57. a8=Q Qf5+ 58. Kh6 Kxc3
59. Qa3+ Kd2 60. Qxg3 Qf8+ 61. Kh7 e3 62. Qg2+ e2 63. Qg5+ Ke1 64. Qg1+ Qf1 65.
Qg3+ Qf2 66. Qc3+ Kf1 67. Qd3 Kg1 68. Qxg6+ Qg2 69. Qb1+ Kh2 70. Qb8+ Qg3 71.
Qb2 Kh3 72. Qxe2 Kxh4 73. Qe7+ Kh3 74. Qe6+ Qg4 75. Qe3+ Kh2 76. Qf2+ Qg2 77.
Qh4+ Qh3 78. Qf2+ 1/2-1/2

[Event "Championnat de France des Jeunes - Pupil"]
[Site "Aix les Bains"]
[Date "2009.04.26"]
[Round "9.10"]
[White "Hyjazi, Theo"]
[Black "Chardon, Xavier"]
[Result "1-0"]
[WhiteElo "1770"]
[BlackElo "1672"]
[PlyCount "109"]
[EventDate "2009.??.??"]

1. d4 g6 2. c4 Bg7 3. Nc3 c5 4. d5 Bxc3+ 5. bxc3 f5 6. h4 Nf6 7. h5 Rg8 8. hxg6
hxg6 9. Nf3 d6 10. Bg5 Nbd7 11. Qa4 Ne4 12. Rc1 Qb6 13. Qc2 Qa6 14. e3 Nb6 15.
Rh7 Nxg5 16. Nxg5 Nxc4 17. Qb3 Na5 18. Bxa6 Nxb3 19. Bb5+ Bd7 20. Bxd7+ Kxd7
21. axb3 a6 22. Ne6 Rh8 23. Rxh8 Rxh8 24. Ke2 Rh2 25. g3 Rh5 26. Nf8+ Ke8 27.
Nxg6 Kf7 28. Nf4 Rh2 29. Ne6 Kf6 30. Nd8 b6 31. Nc6 Rh8 32. Kf3 e5 33. Kg2 e4
34. Rh1 Rxh1 35. Kxh1 a5 36. c4 Kf7 37. Kh2 Kf6 38. Kh3 Kg5 39. Nb8 Kh5 40. Nd7
b5 41. Nb6 b4 42. Na4 Kg5 43. Kh2 Kh5 44. Kg2 Kg5 45. f3 exf3+ 46. Kxf3 Kf6 47.
Kf4 Kg6 48. e4 fxe4 49. Kxe4 Kg5 50. Kd3 Kf5 51. g4+ Kg5 52. Nxc5 dxc5 53. d6
Kf6 54. g5+ Ke6 55. g6 1-0

[Event "Championnat de France des Jeunes - Pupil"]
[Site "Aix les Bains"]
[Date "2009.04.26"]
[Round "9.11"]
[White "Dudognon, Thibaut"]
[Black "Le Pen, Steven"]
[Result "1-0"]
[WhiteElo "1660"]
[BlackElo "1726"]
[PlyCount "99"]
[EventDate "2009.??.??"]

1. e4 c5 2. c3 d5 3. e5 Nc6 4. d4 cxd4 5. cxd4 Bf5 6. Nf3 e6 7. Bb5 Qb6 8. Bd3
Bxd3 9. Qxd3 Nge7 10. Nbd2 Nf5 11. Nb3 Nb4 12. Qd1 Rc8 13. O-O Be7 14. g4 Nh4
15. Nxh4 Bxh4 16. g5 Nc2 17. Rb1 Rc4 18. Nd2 Rc8 19. Nf3 Na3 20. Qa4+ Nb5 21.
Nxh4 Rc4 22. Qb3 Rxd4 23. Be3 Rg4+ 24. Ng2 d4 25. Bd2 d3 26. a4 Qc6 27. Qxb5
Rxg2+ 28. Kh1 Rg4+ 29. Qxc6+ bxc6 30. Rbc1 Kd7 31. Rc3 Rxa4 32. Rxd3+ Kc7 33.
Ra3 Rxa3 34. bxa3 Rb8 35. Bb4 Rb5 36. Rd1 Rd5 37. Rxd5 cxd5 38. Kg2 Kc6 39. g6
hxg6 40. Bf8 Kb5 41. Bxg7 a5 42. Kf3 Kc4 43. Ke3 d4+ 44. Kd2 Kd5 45. Kd3 a4 46.
f4 Kc5 47. Bf8+ Kd5 48. h3 g5 49. Bh6 gxf4 50. Bxf4 1-0

[Event "Championnat de France des Jeunes - Pupil"]
[Site "Aix les Bains"]
[Date "2009.04.26"]
[Round "9.12"]
[White "Sarafian, Thomas"]
[Black "Venard, Paul-Andre"]
[Result "1/2-1/2"]
[WhiteElo "1720"]
[BlackElo "1631"]
[PlyCount "84"]
[EventDate "2009.??.??"]

1. e4 c5 2. Nf3 g6 3. d4 cxd4 4. Nxd4 Nc6 5. c4 Nf6 6. Nc3 d6 7. Be2 Nxd4 8.
Qxd4 Bg7 9. Qd1 O-O 10. O-O Be6 11. Rb1 Rc8 12. b3 a6 13. Bb2 Qa5 14. f3 Nd7
15. Qe1 b5 16. Nd5 Qxe1 17. Nxe7+ Kh8 18. Bxg7+ Kxg7 19. Rfxe1 Rc5 20. cxb5
axb5 21. Rbc1 Re8 22. Rxc5 dxc5 23. Nd5 Bxd5 24. exd5 Nb6 25. Kf2 Nxd5 26. Bxb5
Rxe1 27. Kxe1 Nc3 28. Bc4 Nxa2 29. Kd2 f5 30. Ke3 g5 31. g4 fxg4 32. fxg4 Kf6
33. Ke4 Nb4 34. h3 h6 35. Bg8 Kg7 36. Be6 Kf6 37. Bf5 Nc2 38. Bh7 Kg7 39. Bf5
Nd4 40. Kd5 Nxb3 41. Bc2 Nd4 42. Be4 Kf6 1/2-1/2